| 000 | 01001nam a2200229 a 4500 | ||
|---|---|---|---|
| 001 | 12849 | ||
| 003 | BD-JhCC | ||
| 005 | 20230518110008.0 | ||
| 008 | 230518s20162015b |||| |||| 000 0 b d | ||
| 020 | _a9789843402752 | ||
| 035 | _a(BD-JhCC)12849 | ||
| 040 |
_aBD-JhCC _dBD-JhCC |
||
| 041 | _aben | ||
| 082 |
_a954.9205 _bMUK 2016 |
||
| 245 |
_aমুক্তিযুদ্ধে ইপিআর (বর্তমানে বিজিবি) / _cসম্পাদনায় ব্রিগেডিয়ার জেনারেল তৌফিকুল হাসান সিদ্দিকী |
||
| 260 |
_aঢাকা : _bবর্ডার গার্ড বাংলাদেশ, _c২০১৬ |
||
| 300 |
_a৭৬ পৃ. : _bচিত্রবলী সংযোজিত, _c২০ সেমি. |
||
| 650 |
_aBoarder Gurd Bangladesh (BGB) _zBangladesh |
||
| 650 | _aLibreration war | ||
| 700 | _aসিদ্দিকী, তৌফিকুল হাসান | ||
| 942 |
_2ddc _cBK |
||
| 999 |
_c12849 _d12849 |
||